000
00293nam a22001217a 4500
008
230619b xxu||||| |||| 00| 0 eng d
082
_a
150
_b
MIL
100
_c
George A. Miller
245
_a
Psychology and Communication
260
_a
US
_b
Forum Series
_c
1974
300
_a
336p
942
_2
ddc
_c
BK
999
_c
1149
_d
1149